000
00303 a2200157 4500
001
186052
020
_a
0-19-422801-0
040
_c
Magnum
100
_a
Escott, John
240
1
0
_a
London
_l
ING
245
1
0
_a
London
300
_a
30
362
0
_a
2001
697
_a
LITERATURA INGLESA
942
_c
BK
999
_c
186052
_d
186052